Geography A-Z #4 - Statistics

General Stats
  • This quiz has been taken 62 times
  • The average score is 21 of 26
Answer Stats
Letter Hint Answer % Correct
C Largest City in Morocco Casablanca
100%
F Financial Capital of Germany Frankfurt
98%
G Holy River of India Ganges
98%
H Metropolis in Texas Houston
98%
K Nairobi and Nakuru are Cities in... Kenya
98%
M City-State Bordering France Monaco
98%
O Capital of Norway Oslo
98%
Q Brisbane is the Capital of this Australian State Queensland
98%
R Largest Country Russia
98%
W Capital of the United States of America Washington D.C.
98%
N French City West to the Above Nice
96%
E One of the Countries on Great Britain England
95%
U Country of the Above Uzbekistan
95%
V Pacific Ocean Nation Vanuatu
95%
Z Capital of Croatia Zagreb
95%
I Côte d'Ivoire is French for... Ivory Coast
93%
A Alaska's Largest City Anchorage
88%
P City in the North of Portugal Porto
86%
B White Russia Belarus
80%
J Saudi City West of Mecca Jeddah
77%
Y Largest County in the UK, Located in Northern England Yorkshire
75%
T Capital of a '-Stan' Country Tashkent
73%
D City Located Between the Wouri and Dibamba River in Cameroon Douala
27%
S Self-Proclaimed Principality on a Military Fortress in the North Sea Sealand
23%
X Major City in the Jiangsu Province of China Xuzhou
9%
L World's Largest Glacier Lambert Glacier
4%
No matching quizzes found
Score Distribution
Percent of People with Each Score
Percentile by Number Answered
Your Score History
You have not taken this quiz